[Event "SR 2. liga A 2012/2013"]
[Site "?"]
[Date "2013.02.17"]
[Round "51.5"]
[White "Durica, Andrej"]
[Black "Balogh, Peter"]
[Result "0-1"]
[WhiteElo "1839"]
[BlackElo "2013"]
[PlyCount "102"]
[EventDate "2012.??.??"]
[WhiteTeam "DNV B"]
[BlackTeam "Gabcikovo"]

1. e4 e5 2. f4 exf4 3. Nf3 g5 4. h4 g4 5. Ng5 d5 6. exd5 Nf6 7. Qe2+ Be7 8. Nc3
h6 9. Nge4 O-O 10. d3 Nh5 11. Bd2 Bxh4+ 12. Rxh4 Qxh4+ 13. Qf2 Qxf2+ 14. Kxf2
Nd7 15. Ne2 f5 16. N4c3 f3 17. gxf3 gxf3 18. Nd4 Ne5 19. Nxf3 Ng4+ 20. Kg2 Bd7
21. Be2 Kh7 22. Rh1 Rg8 23. Ng5+ Kg6 24. Bxg4 fxg4 25. Nge4 Raf8 26. Ne2 Rh8
27. Bc3 Rh7 28. Be5 Bf5 29. N4g3 Nxg3 30. Nf4+ Kg5 31. Kxg3 h5 32. Rh4 Re8 33.
d4 c5 34. c3 cxd4 35. cxd4 Rc8 36. d6 Rc1 37. Ne2 Rc2 38. Nf4 Rxb2 39. d5 Rxa2
40. Ne6+ Bxe6 41. dxe6 Kg6 42. d7 Rd2 43. Bc7 Rh8 44. Rh2 Rd5 45. Re2 Kf5 46.
Re5+ Rxe5 47. Bxe5 h4+ 48. Kg2 h3+ 49. Kg3 h2 50. Bxh8 h1=Q 51. d8=Q Qg1+ 0-1

[Event "SR 2. liga A 2012/2013"]
[Site "?"]
[Date "2013.02.17"]
[Round "51.6"]
[White "Kosar, Mikulas"]
[Black "Galan, Anton"]
[Result "1-0"]
[WhiteElo "1968"]
[BlackElo "1809"]
[PlyCount "39"]
[EventDate "2012.??.??"]
[WhiteTeam "Gabcikovo"]
[BlackTeam "DNV B"]

1. e4 Nf6 2. Nc3 d5 3. exd5 Nxd5 4. Bc4 Nb6 5. Bb3 c5 6. Qe2 Nc6 7. Nf3 e6 8.
a4 Na5 9. Qb5+ Nd7 10. Ba2 a6 11. Qe2 Be7 12. d3 Nc6 13. Bf4 Qb6 14. O-O Nf6
15. Rab1 O-O 16. Ne4 Qd8 17. c3 h6 18. h3 Nd5 19. Bd2 f5 20. Ng3 {cierny cas}
1-0

[Event "SR 2. liga A 2012/2013"]
[Site "?"]
[Date "2013.02.17"]
[Round "51.7"]
[White "Juhas, Jan"]
[Black "Puobis, Jozef"]
[Result "1/2-1/2"]
[WhiteElo "1782"]
[BlackElo "1910"]
[PlyCount "69"]
[EventDate "2012.??.??"]
[WhiteTeam "DNV B"]
[BlackTeam "Gabcikovo"]

1. d4 d5 2. c4 Nc6 3. e3 e5 4. Nf3 e4 5. Nfd2 Nf6 6. Nc3 Bb4 7. cxd5 Bxc3 8.
dxc6 Bxd2+ 9. Bxd2 bxc6 10. Bb4 Rb8 11. Ba3 Bd7 12. Be2 Nd5 13. Qc2 f5 14. Qc5
Nb6 15. Qe5+ Kf7 16. Qa5 Re8 17. Bh5+ g6 18. Be2 Be6 19. b3 Bd5 20. Qc5 Re6 21.
O-O Qg5 22. Bc1 Qd8 23. f3 Nd7 24. Qc3 Nb6 25. fxe4 Bxe4 26. Bf3 Kg8 27. Bxe4
fxe4 28. Bb2 Nd5 29. Qd2 Qg5 30. Rae1 Rf8 31. Rxf8+ Kxf8 32. Qf2+ Rf6 33. Qe2
Qf5 34. Bc1 Ke7 35. Rf1 1/2-1/2

[Event "SR 2. liga A 2012/2013"]
[Site "?"]
[Date "2013.02.17"]
[Round "52.1"]
[White "Hajek, Lukas"]
[Black "Smolen, Jan"]
[Result "0-1"]
[WhiteElo "2155"]
[BlackElo "2361"]
[PlyCount "142"]
[EventDate "2012.??.??"]
[WhiteTeam "Doprastav C"]
[BlackTeam "DNV A"]

1. d4 Nf6 2. c4 c5 3. d5 g6 4. Nc3 Bg7 5. e4 d6 6. f4 O-O 7. Nf3 e6 8. Be2 exd5
9. cxd5 Re8 10. Nd2 Ng4 11. Bxg4 Qh4+ 12. g3 Qxg4 13. Qxg4 Bxg4 14. Kf2 Na6 15.
h3 Bd7 16. Nc4 Bf8 17. a4 Nb4 18. Be3 Rab8 19. g4 b6 20. f5 a6 21. a5 bxa5 22.
Kf3 Bb5 23. Nxb5 axb5 24. Nxa5 Bg7 25. Bf4 Rb6 26. Rab1 Ra8 27. Nc6 Nxc6 28.
dxc6 Rxc6 29. Rhd1 Raa6 30. Rd5 Kf8 31. Rbd1 Ke7 32. R1d2 b4 33. h4 Bd4 34. e5
dxe5 35. Bxe5 Bxe5 36. Rxe5+ Kf8 37. Rd7 gxf5 38. g5 Rd6 39. Rb7 Rd3+ 40. Kf4
Ra1 41. Rxc5 Rf1+ 42. Ke5 Re3+ 43. Kd5 Re4 44. h5 Kg7 45. Kc6 Rg4 46. Kb6 Rxg5
47. Rcc7 Rxh5 48. Rxf7+ Kg6 49. Kc5 Rh4 50. Rg7+ Kf6 51. Rgf7+ Kg6 52. Rg7+ Kh5
53. Rxh7+ Kg4 54. Rxb4+ f4 55. Rxh4+ Kxh4 56. Rb8 f3 57. b4 Rc1+ 58. Kb6 f2 59.
Rf8 f1=Q 60. Rxf1 Rxf1 61. b5 Kg5 62. Kc6 Rc1+ 63. Kd6 Rb1 64. Kc6 Kf6 65. b6
Ke7 66. Kc7 Rc1+ 67. Kb8 Kd7 68. Ka7 Ra1+ 69. Kb8 Kc6 70. b7 Rb1 71. Ka8 Kc7
0-1

[Event "SR 2. liga A 2012/2013"]
[Site "?"]
[Date "2013.02.17"]
[Round "52.2"]
[White "Peitl, Tomas"]
[Black "Danada, Tomas"]
[Result "1/2-1/2"]
[WhiteElo "2220"]
[BlackElo "2098"]
[PlyCount "43"]
[EventDate "2012.??.??"]
[WhiteTeam "DNV A"]
[BlackTeam "Doprastav C"]

1. e4 c5 2. Nc3 a6 3. f4 b5 4. Nf3 Bb7 5. d3 e6 6. Be3 Nf6 7. e5 Ng4 8. Bd2 d5
9. Be2 Be7 10. O-O Nc6 11. Qe1 Nh6 12. h3 Nf5 13. g4 Nfd4 14. Bd1 Nxf3+ 15.
Bxf3 Nd4 16. Bd1 h5 17. g5 g6 18. Ne2 Nf5 19. Ng3 Nxg3 20. Qxg3 d4 21. Bf3 Qd7
22. Qg2 1/2-1/2

[Event "SR 2. liga A 2012/2013"]
[Site "?"]
[Date "2013.02.17"]
[Round "52.3"]
[White "Frindt, Kornel"]
[Black "Oprea, Erik"]
[Result "0-1"]
[WhiteElo "2189"]
[BlackElo "2125"]
[PlyCount "143"]
[EventDate "2012.??.??"]
[WhiteTeam "Doprastav C"]
[BlackTeam "DNV A"]

1. e4 d5 2. exd5 Nf6 3. c4 c6 4. Nc3 cxd5 5. d4 Nc6 6. Nf3 Bg4 7. Be2 e6 8. h3
Bh5 9. cxd5 Nxd5 10. O-O Be7 11. Qb3 O-O 12. Nxd5 exd5 13. Qxb7 Qd6 14. Qa6
Bxf3 15. Bxf3 Nxd4 16. Qxd6 Nxf3+ 17. gxf3 Bxd6 18. Rd1 Rfd8 19. Be3 Be5 20.
Bd4 Bxd4 21. Rxd4 Rd6 22. Rad1 Rad8 23. R1d3 h5 24. Ra3 a6 25. Ra5 Kf8 26. Kf1
Ke7 27. Rda4 Rb8 28. b3 Rbb6 29. Rd4 Ke6 30. Ke2 Rbc6 31. Kd2 Ke5 32. Re4+ Kf6
33. Rb4 Ke6 34. Rf4 g5 35. Rd4 f5 36. h4 Ke5 37. Rda4 f4 38. Re4+ Kf5 39. hxg5
h4 40. g6 Rc8 41. Re1 Kxg6 42. Rh1 Rh8 43. Kd3 h3 44. Kd4 Rh5 45. Rc5 h2 46. b4
Kf7 47. Rc7+ Kg8 48. Rc8+ Kh7 49. Rc7+ Kh6 50. a4 Rg6 51. Rcc1 Rb6 52. Rb1 Kg7
53. b5 axb5 54. axb5 Kf7 55. Kc5 Rb8 56. b6 Ke7 57. b7 Kd7 58. Kb6 Kd6 59. Rbc1
Rhh8 60. Rc6+ Ke5 61. Re1+ Kf5 62. Rd1 Ke5 63. Kc5 Rhd8 64. Kb6 Rh8 65. Re1+
Kd4 66. Rh1 Kd3 67. Ka7 Ke2 68. Rd6 Kxf3 69. Rxd5 Kg2 70. Rdd1 Rbd8 71. Rb1 Rd7
72. f3 0-1

[Event "SR 2. liga A 2012/2013"]
[Site "?"]
[Date "2013.02.17"]
[Round "52.4"]
[White "Hricak, Vasil"]
[Black "Petrik, Stanislav"]
[Result "1-0"]
[WhiteElo "2124"]
[BlackElo "2171"]
[PlyCount "49"]
[EventDate "2012.??.??"]
[WhiteTeam "DNV A"]
[BlackTeam "Doprastav C"]

1. e4 c5 2. d4 cxd4 3. c3 Qa5 4. Nf3 Nf6 5. e5 dxc3 6. Nxc3 Ng4 7. Qd4 d6 8.
exd6 Nc6 9. Bb5 Bd7 10. Bxc6 bxc6 11. dxe7 Bxe7 12. O-O O-O-O 13. Qc4 Qb6 14.
Nd5 Qc5 15. Nxe7+ Qxe7 16. Bf4 Kb7 17. Rac1 Rc8 18. Rfe1 Be6 19. Qa4 Qf6 20. h3
h5 21. hxg4 hxg4 22. Be3 c5 23. Bxc5 Rxc5 24. Rxc5 gxf3 25. Qc6+ 1-0

[Event "SR 2. liga A 2012/2013"]
[Site "?"]
[Date "2013.02.17"]
[Round "52.5"]
[White "Petrik, Karol"]
[Black "Sosovicka, Juraj"]
[Result "1/2-1/2"]
[WhiteElo "2091"]
[BlackElo "2089"]
[PlyCount "85"]
[EventDate "2012.??.??"]
[WhiteTeam "Doprastav C"]
[BlackTeam "DNV A"]

1. d3 d5 2. Nf3 Nf6 3. g3 Bg4 4. Bg2 c6 5. O-O Nbd7 6. Nbd2 e5 7. e4 dxe4 8.
Nxe4 Nxe4 9. dxe4 Bc5 10. Qe2 O-O 11. Rd1 Qe7 12. h3 Bh5 13. Be3 Rfd8 14. Rd2
Bxe3 15. Qxe3 Nc5 16. Rad1 Rxd2 17. Rxd2 b6 18. Qc3 Bxf3 19. Bxf3 Qc7 20. Kg2
g6 21. h4 h5 22. Rd1 Ne6 23. Qa3 Rd8 24. Rxd8+ Nxd8 25. Qd3 Ne6 26. c3 Qe7 27.
Be2 Nc5 28. Qc2 Qd6 29. b4 Ne6 30. Bc4 Kg7 31. Qe2 c5 32. a3 cxb4 33. axb4 a5
34. bxa5 bxa5 35. Bxe6 Qxe6 36. Qb5 Qa2 37. Qxe5+ Kg8 38. Qd4 a4 39. c4 Qc2 40.
e5 a3 41. e6 fxe6 42. Qd8+ Kf7 43. Qd7+ 1/2-1/2

[Event "SR 2. liga A 2012/2013"]
[Site "?"]
[Date "2013.02.17"]
[Round "52.6"]
[White "Sosovicka, Matej"]
[Black "Polacik, Igor"]
[Result "1/2-1/2"]
[WhiteElo "2001"]
[BlackElo "2172"]
[PlyCount "75"]
[EventDate "2012.??.??"]
[WhiteTeam "DNV A"]
[BlackTeam "Doprastav C"]

1. e4 e5 2. Nf3 Nc6 3. Bc4 Nf6 4. d3 Be7 5. O-O d6 6. a4 O-O 7. Re1 h6 8. a5 a6
9. c3 Nh7 10. h3 Ng5 11. Nbd2 g6 12. d4 Bf6 13. dxe5 Nxe5 14. Nxe5 Bxe5 15. Nf3
Nxf3+ 16. Qxf3 Kh7 17. Bf4 Qf6 18. Bxe5 Qxe5 19. Qe3 Be6 20. f4 Qg7 21. Bd3 Bd7
22. e5 Rfe8 23. Qd4 Bc6 24. Bc4 dxe5 25. Rxe5 Rad8 26. Qe3 f6 27. Rxe8 Rxe8 28.
Qd2 Qe7 29. Rd1 Kg7 30. Qd4 Qe4 31. Qxe4 Rxe4 32. Bd5 Bxd5 33. Rxd5 Kf7 34.
Rd7+ Re7 35. Rd2 Re4 36. Rd7+ Re7 37. Rd2 Re4 38. Rd7+ 1/2-1/2

[Event "SR 2. liga A 2012/2013"]
[Site "?"]
[Date "2013.02.17"]
[Round "52.7"]
[White "Krajnak, Robert"]
[Black "Prikler, Bruno"]
[Result "1/2-1/2"]
[WhiteElo "2075"]
[BlackElo "2092"]
[PlyCount "88"]
[EventDate "2012.??.??"]
[WhiteTeam "Doprastav C"]
[BlackTeam "DNV A"]

1. c4 g6 2. g3 Bg7 3. Bg2 Nf6 4. Nf3 O-O 5. O-O d6 6. Nc3 Nc6 7. d3 e5 8. Rb1
h6 9. b4 Be6 10. b5 Ne7 11. Qc2 Nd7 12. Bd2 d5 13. cxd5 Nxd5 14. Rfc1 Rc8 15.
Ne4 f5 16. Nc5 Nxc5 17. Qxc5 b6 18. Qc2 f4 19. Be1 g5 20. Nd2 Kh8 21. Ne4 Bg4
22. Nc3 f3 23. exf3 Bxf3 24. Bxf3 Rxf3 25. Qe2 Rf7 26. Qe4 Rd7 27. Nxd5 Rxd5
28. Rc3 Qd7 29. a4 c5 30. bxc6 Rxc6 31. Rbc1 Rxc3 32. Bxc3 Rxd3 33. Bxe5 Rd1+
34. Rxd1 Qxd1+ 35. Kg2 Qd7 36. Qa8+ Kh7 37. Qe4+ Kg8 38. Bxg7 Kxg7 39. h4 a6
40. hxg5 hxg5 41. Qe5+ Kg6 42. Qe4+ Kf6 43. Qf3+ Qf5 44. Qc6+ Qe6 1/2-1/2

[Event "SR 2. liga A 2012/2013"]
[Site "?"]
[Date "2013.02.17"]
[Round "52.8"]
[White "Macka, Oto"]
[Black "Habrovsky, Richard"]
[Result "1/2-1/2"]
[WhiteElo "2027"]
[BlackElo "1970"]
[PlyCount "87"]
[EventDate "2012.??.??"]
[WhiteTeam "DNV A"]
[BlackTeam "Doprastav C"]

1. c4 e5 2. Nc3 f5 3. d4 exd4 4. Qxd4 Nc6 5. Qe3+ Qe7 6. Nd5 Qxe3 7. Bxe3 Kd8
8. a3 h6 9. Nf3 Nge7 10. g3 Ng6 11. Bg2 Nce5 12. Nxe5 Nxe5 13. Rc1 c6 14. Bd4
Ng6 15. Ne3 d6 16. f4 Rg8 17. O-O Ne7 18. Rfd1 Kc7 19. b4 Be6 20. c5 d5 21. a4
g5 22. fxg5 hxg5 23. Rf1 Bg7 24. Nc2 Raf8 25. e3 Ng6 26. Bxg7 Rxg7 27. Nd4 Bd7
28. Rc3 f4 29. exf4 gxf4 30. Re1 Rfg8 31. b5 fxg3 32. Rxg3 Nf4 33. Ree3 Nxg2
34. Kxg2 Rxg3+ 35. hxg3 Rg4 36. Rd3 b6 37. cxb6+ axb6 38. bxc6 Bxc6 39. Kf3 Re4
40. Nxc6 Kxc6 41. Ra3 Kd6 42. g4 Rc4 43. a5 bxa5 44. Rxa5 1/2-1/2

[Event "SR 2. liga A 2012/2013"]
[Site "?"]
[Date "2013.02.17"]
[Round "53.1"]
[White "Varga, David"]
[Black "Seitler, Andrej"]
[Result "1/2-1/2"]
[WhiteElo "2289"]
[BlackElo "2223"]
[PlyCount "86"]
[EventDate "2012.??.??"]
[WhiteTeam "D. Streda B"]
[BlackTeam "Piestany"]

1. e4 c6 2. d4 d5 3. Nc3 dxe4 4. Nxe4 Nf6 5. Nxf6+ gxf6 6. Ne2 Bg4 7. f3 Bf5 8.
g4 Bg6 9. h4 h5 10. Nf4 e6 11. Nxg6 fxg6 12. Bd3 Kf7 13. c3 Bd6 14. Kf2 Nd7 15.
Qc2 Nf8 16. Be3 Qc7 17. Rag1 hxg4 18. fxg4 Bf4 19. Qd2 Bxe3+ 20. Qxe3 Re8 21.
Bc4 Kg7 22. Re1 Qd6 23. Qg3 Qxg3+ 24. Kxg3 Kf7 25. Re3 Ke7 26. Bd3 Rg8 27. c4
Rd8 28. d5 cxd5 29. cxd5 Rxd5 30. Rc1 Rg7 31. Be4 Rd7 32. Rc8 f5 33. Bf3 fxg4
34. Bxg4 Rf7 35. h5 gxh5 36. Bxh5 Rf6 37. Re8+ Kd6 38. Bf3 Rg7+ 39. Kf2 Nd7 40.
Rd3+ Ke5 41. Re3+ Kd6 42. Rd3+ Ke5 43. Re3+ Kd6 1/2-1/2

[Event "SR 2. liga A 2012/2013"]
[Site "?"]
[Date "2013.02.17"]
[Round "53.2"]
[White "Abel, Peter"]
[Black "Takacs, Laszlo"]
[Result "1-0"]
[WhiteElo "2194"]
[BlackElo "2134"]
[PlyCount "129"]
[EventDate "2012.??.??"]
[WhiteTeam "Piestany"]
[BlackTeam "D. Streda B"]

1. c4 Nf6 2. Nc3 g6 3. Nf3 Bg7 4. g3 d6 5. d4 O-O 6. Bg2 Nbd7 7. O-O e5 8. e4
Re8 9. h3 h6 10. Be3 exd4 11. Nxd4 Nc5 12. Qc2 Qe7 13. Rfe1 Ne6 14. Rad1 Nxd4
15. Bxd4 c6 16. Qd2 Be6 17. b3 Kh7 18. Nd5 Bxd5 19. exd5 Qd7 20. Rxe8 Rxe8 21.
dxc6 bxc6 22. Be3 Ne4 23. Bxe4 Rxe4 24. Kg2 Re6 25. Qa5 Re7 26. Qa3 c5 27. Qa6
Be5 28. Rd2 Qf5 29. Qc6 Kg7 30. Qd5 Qe6 31. Qxe6 Rxe6 32. Rd3 f5 33. a3 a5 34.
Bd2 Bd4 35. Kf3 Bb2 36. a4 Kf7 37. Bxa5 Ba3 38. Bd2 g5 39. Re3 Rg6 40. Ke2 Rg8
41. Kd3 Rb8 42. Kc2 Bb4 43. Bxb4 Rxb4 44. Re1 Rb7 45. Kc3 Kf6 46. a5 Ra7 47. b4
f4 48. Re2 h5 49. gxf4 gxf4 50. Ra2 cxb4+ 51. Kxb4 Ke5 52. Kb5 Kd4 53. a6 Ra8
54. Rd2+ Ke4 55. Kb6 Kf3 56. a7 Rg8 57. Kc6 Kg2 58. h4 Kh3 59. Rd4 f3 60. Rxd6
Kxh4 61. Kc7 Kh3 62. Rd8 Rg7+ 63. Kb6 Rxa7 64. Kxa7 h4 65. Rh8 1-0

[Event "SR 2. liga A 2012/2013"]
[Site "?"]
[Date "2013.02.17"]
[Round "53.3"]
[White "Jablonicky, Frantisek"]
[Black "Mihalik, Marek"]
[Result "1-0"]
[WhiteElo "2173"]
[BlackElo "2019"]
[PlyCount "69"]
[EventDate "2012.??.??"]
[WhiteTeam "D. Streda B"]
[BlackTeam "Piestany"]

1. Nf3 Nf6 2. d4 e6 3. c4 Bb4+ 4. Nbd2 O-O 5. g3 d5 6. Qc2 c6 7. Bg2 Ne4 8. O-O
Nxd2 9. Nxd2 Nd7 10. e4 Bxd2 11. Bxd2 dxc4 12. Qxc4 e5 13. d5 Nb6 14. Qb3 c5
15. f4 f6 16. fxe5 fxe5 17. Rxf8+ Qxf8 18. Rf1 Qd6 19. Qf3 h6 20. Qf7+ Kh7 21.
Qf8 Qxf8 22. Rxf8 Kg6 23. Bc3 Nd7 24. Rf5 b5 25. h3 b4 26. Bxe5 Nxe5 27. Rxe5
Kf6 28. Re8 Kf7 29. Rh8 c4 30. Kf2 a5 31. Bf1 c3 32. bxc3 bxc3 33. Ke3 a4 34.
Bc4 Ke7 35. Kd3 1-0

[Event "SR 2. liga A 2012/2013"]
[Site "?"]
[Date "2013.02.17"]
[Round "53.4"]
[White "Stepanovic, Branislav"]
[Black "Blaho, Stefan"]
[Result "1-0"]
[WhiteElo "1992"]
[BlackElo "2134"]
[PlyCount "119"]
[EventDate "2012.??.??"]
[WhiteTeam "Piestany"]
[BlackTeam "D. Streda B"]

1. e4 c5 2. Nf3 d6 3. d4 cxd4 4. Nxd4 Nf6 5. Nc3 g6 6. Be3 Bg7 7. f3 O-O 8. Qd2
Nc6 9. O-O-O Nxd4 10. Bxd4 Be6 11. g4 Qa5 12. Kb1 Rfc8 13. g5 Rxc3 14. Qxc3
Bxa2+ 15. Ka1 Qa4 16. Qa3 Qxa3 17. bxa3 Nxe4 18. fxe4 Be6 19. Bxg7 Kxg7 20. Rb1
b6 21. h4 h5 22. Bh3 Bc4 23. Rb4 Ba6 24. Re1 Bc8 25. Bxc8 Rxc8 26. Kb2 Rc5 27.
Re3 f6 28. Rc3 fxg5 29. hxg5 Rxg5 30. Rf3 Rg2 31. Rc4 g5 32. Rc7 h4 33. Rxe7+
Kg6 34. Re6+ Kh5 35. Rxd6 Re2 36. Re6 Kg4 37. Rf1 h3 38. Rg1+ Rg2 39. Rh1 Kg3
40. Rh6 g4 41. e5 Re2 42. Rg1+ Kf4 43. Rh4 Rg2 44. Re1 h2 45. e6 Rg1 46. Re2
Kf3 47. Rhxh2 g3 48. Rh8 Kxe2 49. e7 Rf1 50. e8=Q+ Kf2 51. Rf8+ Kg1 52. Rxf1+
Kxf1 53. Qf7+ Kg1 54. Qxa7 g2 55. Qxb6+ Kf1 56. Qf6+ Ke2 57. Qg5 Kf2 58. Qf4+
Ke2 59. Qg3 Kf1 60. Qf3+ 1-0

[Event "SR 2. liga A 2012/2013"]
[Site "?"]
[Date "2013.02.17"]
[Round "53.5"]
[White "Rachela, Jozef"]
[Black "Bincik, Pavol"]
[Result "0-1"]
[WhiteElo "2093"]
[BlackElo "1937"]
[PlyCount "84"]
[EventDate "2012.??.??"]
[WhiteTeam "D. Streda B"]
[BlackTeam "Piestany"]

1. e4 c6 2. d4 d5 3. Nc3 dxe4 4. Nxe4 Bf5 5. Ng3 Bg6 6. Bc4 e6 7. N1e2 Bd6 8.
Nf4 Ne7 9. Nxg6 hxg6 10. Qd3 Nd5 11. Bd2 Qc7 12. O-O-O Nd7 13. Bb3 O-O-O 14. c4
N5f6 15. Qf3 c5 16. Bg5 cxd4 17. Rxd4 Bc5 18. Rdd1 Ne5 19. Qe2 Rxd1+ 20. Rxd1
Rxh2 21. Ne4 Rxg2 22. Bh4 Rg4 23. Bxf6 gxf6 24. Nxf6 Rd4 25. Rh1 Nd3+ 26. Kb1
Qf4 27. Bc2 Qxf6 28. Bxd3 Rf4 29. f3 Rxf3 30. Rh8+ Kc7 31. Rh2 Bd4 32. b4 Rf2
33. Rxf2 Qxf2 34. Kc2 Qxe2+ 35. Bxe2 f5 36. Kd3 e5 37. c5 b6 38. Kc4 bxc5 39.
b5 g5 40. Kd5 g4 41. Ke6 g3 42. Bf3 c4 0-1

[Event "SR 2. liga A 2012/2013"]
[Site "?"]
[Date "2013.02.17"]
[Round "53.6"]
[White "Nemsak, Denis"]
[Black "Partys, Petr"]
[Result "1-0"]
[WhiteElo "1873"]
[BlackElo "2027"]
[PlyCount "115"]
[EventDate "2012.??.??"]
[WhiteTeam "Piestany"]
[BlackTeam "D. Streda B"]

1. c4 e5 2. Nc3 Nf6 3. g3 Bb4 4. Bg2 O-O 5. d3 Nc6 6. Bd2 Re8 7. e4 d6 8. h3 a5
9. Be3 Be6 10. Nge2 Bc5 11. Qd2 Nd4 12. f4 c6 13. f5 Bd7 14. O-O b5 15. Kh2 Rb8
16. b3 Nxe2 17. Qxe2 Bxe3 18. Qxe3 b4 19. Ne2 Qb6 20. Qf3 Rbd8 21. g4 h6 22. g5
hxg5 23. Qg3 Nh7 24. f6 Nxf6 25. Qxg5 Nh7 26. Qg3 Be6 27. Rg1 f6 28. Bf3 Re7
29. Bh5 g5 30. Raf1 Rf8 31. d4 Rg7 32. Bg4 Bf7 33. dxe5 dxe5 34. Rd1 Bg6 35.
Qf3 Re7 36. Ng3 Rd8 37. Rxd8+ Qxd8 38. Rd1 Qb6 39. Rd2 Re8 40. Qd3 Qc5 41. Qd6
Qe3 42. Re2 Qb6 43. Be6+ Kh8 44. c5 Rxe6 45. Qxe6 Qxc5 46. Rd2 Qe3 47. Re2 Qf4
48. Qxc6 Bh5 49. Qc8+ Kg7 50. Qd7+ Kh6 51. Rc2 g4 52. h4 Bg6 53. Qd5 f5 54.
exf5 Bxf5 55. Qd6+ Kg7 56. Re2 Nf6 57. Qxe5 Qxe5 58. Rxe5 1-0

[Event "SR 2. liga A 2012/2013"]
[Site "?"]
[Date "2013.02.17"]
[Round "53.7"]
[White "Merva, Frantisek"]
[Black "Slaby, Jozef"]
[Result "1-0"]
[WhiteElo "2006"]
[BlackElo "1890"]
[PlyCount "89"]
[EventDate "2012.??.??"]
[WhiteTeam "D. Streda B"]
[BlackTeam "Piestany"]

1. d4 d5 2. c4 e6 3. Nc3 Nf6 4. e3 Nbd7 5. Nf3 b6 6. cxd5 exd5 7. Bb5 Bb7 8.
Ne5 a6 9. Bc6 Bxc6 10. Nxc6 Qc8 11. Qf3 Qb7 12. Nxd5 Bd6 13. Bd2 Kf8 14. Rc1
Re8 15. Nc3 Nb8 16. Ne5 Qxf3 17. Nxf3 g6 18. O-O Nbd7 19. Rfe1 c5 20. Na4 cxd4
21. exd4 Kg7 22. Rc6 Rxe1+ 23. Bxe1 Ne4 24. Nxb6 Ndf6 25. Nc4 Bf4 26. g3 Bc1
27. Rxa6 Re8 28. b3 Ng5 29. Nfe5 Nd5 30. h4 Ne6 31. Rd6 Nf6 32. Bc3 Ne4 33. d5
Nxd6 34. Nxd6 Ra8 35. dxe6 fxe6 36. Nd3+ Kf8 37. Nxc1 Ra6 38. Nc4 Rc6 39. Nd3
Rc8 40. Kf1 Ke7 41. Ke2 Ra8 42. a4 Kf7 43. a5 Ke7 44. Nde5 Kf6 45. b4 1-0

[Event "SR 2. liga A 2012/2013"]
[Site "?"]
[Date "2013.02.17"]
[Round "53.8"]
[White "Curidlo, Jan"]
[Black "Kahancova, Jana"]
[Result "0-1"]
[WhiteElo "1880"]
[BlackElo "1597"]
[PlyCount "90"]
[EventDate "2012.??.??"]
[WhiteTeam "Piestany"]
[BlackTeam "D. Streda B"]

1. e4 e5 2. Nf3 Nc6 3. Bb5 a6 4. Ba4 Nf6 5. d3 d6 6. h3 Be7 7. c3 O-O 8. O-O
Re8 9. Be3 b5 10. Bc2 Bb7 11. Nbd2 Bf8 12. Bg5 g6 13. Nh2 Bc8 14. f4 Bg7 15. f5
h6 16. Bxf6 Qxf6 17. Bb3 Nd8 18. Qg4 Rf8 19. Qg3 Kh7 20. Ng4 Qg5 21. Qf2 h5 22.
Nf3 Qe7 23. Ne3 c6 24. g4 Bh6 25. Rae1 Nb7 26. fxg6+ fxg6 27. Qg2 Nc5 28. g5
Bg7 29. Bc2 Ne6 30. h4 Nf4 31. Qg3 Bh3 32. Rf2 Rf7 33. Rh2 Be6 34. d4 Raf8 35.
Bd1 Qd7 36. Rf1 Bh3 37. Rff2 Be6 38. Kh1 Bxa2 39. b3 Bb1 40. Bc2 Bxc2 41. Nxc2
Ne2 42. Qg2 Nxc3 43. dxe5 Nxe4 44. e6 Nxf2+ 45. Kg1 Qxe6 0-1

[Event "SR 2. liga A 2012/2013"]
[Site "?"]
[Date "2013.02.17"]
[Round "54.1"]
[White "Slacky, Stanislav"]
[Black "Kovacocy, Pavel"]
[Result "1-0"]
[WhiteElo "2198"]
[BlackElo "2221"]
[PlyCount "143"]
[EventDate "2012.??.??"]
[WhiteTeam "Krasnany"]
[BlackTeam "Trnava B"]

1. d4 g6 2. c4 Bg7 3. Nf3 d6 4. g3 Nf6 5. Bg2 O-O 6. O-O c6 7. Nc3 Qa5 8. e4
Bg4 9. h3 Bxf3 10. Bxf3 Nfd7 11. Be3 Na6 12. Qd2 Rfe8 13. Bg4 Qd8 14. Rfd1 Nc7
15. Rac1 e6 16. Bf4 Nb6 17. c5 Nc8 18. Bg5 f6 19. cxd6 Qxd6 20. Bf4 e5 21. dxe5
Qxd2 22. Rxd2 fxe5 23. Be3 Kf7 24. Rd7+ Re7 25. Rcd1 Ne6 26. Bxe6+ Kxe6 27. Na4
b6 28. Rd8 Bf6 29. b3 Rc7 30. R8d3 Be7 31. f4 Nd6 32. Nc3 Nf7 33. Kg2 Rd8 34.
Kf3 Rxd3 35. Rxd3 Bd6 36. Na4 h5 37. Nb2 h4 38. Nc4 hxg3 39. f5+ gxf5 40. exf5+
Ke7 41. Nxd6 Nxd6 42. Bg5+ Kd7 43. Kxg3 Rc8 44. Kg4 Rg8 45. h4 Kc7 46. Re3 Nf7
47. Kh5 Kd6 48. Rd3+ Kc7 49. Rd1 a6 50. Be3 c5 51. Rg1 Rh8+ 52. Kg6 Nd6 53. Bg5
Rf8 54. f6 Kd7 55. Rd1 Ke6 56. Rxd6+ Kxd6 57. Kg7 Rc8 58. f7 Ke6 59. f8=Q Rxf8
60. Kxf8 Kf5 61. Kg7 e4 62. Kh6 b5 63. Be7 c4 64. bxc4 bxc4 65. Bb4 e3 66. h5
Ke4 67. Kg5 Kd3 68. Kf4 e2 69. Kf3 c3 70. Bxc3 Kxc3 71. Kxe2 Kb2 72. a4 1-0

[Event "SR 2. liga A 2012/2013"]
[Site "?"]
[Date "2013.02.17"]
[Round "54.2"]
[White "Drtina, Milan"]
[Black "Bronis, Marian"]
[Result "1/2-1/2"]
[WhiteElo "2202"]
[BlackElo "2165"]
[PlyCount "103"]
[EventDate "2012.??.??"]
[WhiteTeam "Trnava B"]
[BlackTeam "Krasnany"]

1. e4 g6 2. d4 Bg7 3. c4 d6 4. Nc3 Nf6 5. Bd3 e5 6. d5 c6 7. f4 exf4 8. Bxf4
O-O 9. Qd2 Nh5 10. Bg5 Bxc3 11. bxc3 f6 12. Be3 c5 13. Nf3 Bg4 14. O-O Nd7 15.
Ne1 Ne5 16. h3 Bd7 17. Kh2 Qe7 18. Be2 Ng7 19. Rb1 b6 20. Nf3 g5 21. g3 Nxf3+
22. Bxf3 Qe5 23. Rbe1 Be8 24. Kg2 Bg6 25. Bg1 Qe7 26. g4 Rad8 27. Bh2 Ne8 28.
Bg3 Nc7 29. h4 h6 30. Rh1 Kg7 31. Rh2 Rh8 32. Qe3 Rde8 33. hxg5 hxg5 34. Rxh8
Rxh8 35. Rh1 Re8 36. Kf2 Qd7 37. Qe2 Rh8 38. Rb1 Re8 39. a4 Rb8 40. a5 Ne8 41.
Qa2 Qe7 42. Qa4 Kf8 43. Qc6 Kg8 44. axb6 Rxb6 45. Rxb6 axb6 46. Qxb6 Bxe4 47.
Bd1 Bd3 48. Qb8 Kf7 49. Ba4 Qe2+ 50. Kg1 Qf1+ 51. Kh2 Qe2+ 52. Kg1 1/2-1/2

[Event "SR 2. liga A 2012/2013"]
[Site "?"]
[Date "2013.02.17"]
[Round "54.3"]
[White "Biro, Karol"]
[Black "Arendas, Marek"]
[Result "1-0"]
[WhiteElo "2156"]
[BlackElo "2085"]
[PlyCount "71"]
[EventDate "2012.??.??"]
[WhiteTeam "Krasnany"]
[BlackTeam "Trnava B"]

1. Nf3 Nf6 2. g3 g6 3. Bg2 Bg7 4. c4 c5 5. O-O Nc6 6. d4 cxd4 7. Nxd4 O-O 8.
Nc3 a6 9. c5 Re8 10. h3 Qc7 11. Nb3 b6 12. cxb6 Qxb6 13. Bg5 Qd8 14. Qd2 Rb8
15. Rfd1 Na7 16. e4 e5 17. Nd5 Bb7 18. Nxf6+ Bxf6 19. Be3 Nc6 20. Qxd7 Qxd7 21.
Rxd7 Red8 22. Rad1 Nd4 23. Rxd8+ Rxd8 24. Bxd4 exd4 25. e5 Bxg2 26. exf6 Bxh3
27. Rxd4 Rxd4 28. Nxd4 Bd7 29. f4 Kf8 30. Kf2 Ke8 31. Ke3 Kd8 32. Ke4 Kc7 33.
Ke5 h6 34. Nf3 Bf5 35. a3 Bc2 36. Kd5 1-0

[Event "SR 2. liga A 2012/2013"]
[Site "?"]
[Date "2013.02.17"]
[Round "54.4"]
[White "Doucha, Ludvik"]
[Black "Petreje, Juraj"]
[Result "1/2-1/2"]
[WhiteElo "2072"]
[BlackElo "2150"]
[PlyCount "31"]
[EventDate "2012.??.??"]
[WhiteTeam "Trnava B"]
[BlackTeam "Krasnany"]

1. e4 d6 2. d4 Nf6 3. Nc3 g6 4. Bg5 h6 5. Be3 c6 6. Qd2 Nbd7 7. Be2 b5 8. f3
Qc7 9. Nh3 Nb6 10. Nf2 a6 11. O-O Bg7 12. Rae1 e5 13. dxe5 dxe5 14. b3 Be6 15.
Rd1 Nfd7 16. Nd3 1/2-1/2

[Event "SR 2. liga A 2012/2013"]
[Site "?"]
[Date "2013.02.17"]
[Round "54.5"]
[White "Kebis, Milos"]
[Black "Liptak, Dusan"]
[Result "1-0"]
[WhiteElo "2002"]
[BlackElo "2060"]
[PlyCount "117"]
[EventDate "2012.??.??"]
[WhiteTeam "Krasnany"]
[BlackTeam "Trnava B"]

1. c4 g6 2. d4 f5 3. Nc3 Nf6 4. Nf3 Bg7 5. g3 O-O 6. Bg2 d6 7. O-O c6 8. Qc2
Qe8 9. b3 a5 10. Bb2 Na6 11. Rad1 h6 12. Na4 Nd7 13. Qd2 Qd8 14. Ne1 Nf6 15.
Nd3 Kh7 16. c5 Nc7 17. Nb6 Ra6 18. Qc1 Be6 19. Nf4 Bf7 20. e3 Nd7 21. Nc4 dxc5
22. dxc5 Bxb2 23. Nxb2 e5 24. Qd2 Be8 25. Ne2 Qe7 26. Qd6 Qxd6 27. cxd6 Nb5 28.
Rd2 Nf6 29. Rfd1 Bd7 30. a4 Na7 31. Nc4 Re8 32. Nc3 Nc8 33. f4 e4 34. Bf1 Ra7
35. Ne5 Nb6 36. h3 Raa8 37. Be2 Rad8 38. Nf7 Ra8 39. Ne5 Rad8 40. Bc4 Nxc4 41.
bxc4 Ra8 42. Rb2 Ra7 43. Rdb1 Rb8 44. Rb6 Kg7 45. Nxc6 Bxc6 46. Rxc6 bxc6 47.
Rxb8 Kf7 48. Rc8 Ra6 49. c5 Nd7 50. Ne2 Nxc5 51. Nd4 Rb6 52. Rc7+ Ke8 53. Nxc6
Rb1+ 54. Kg2 Rd1 55. Nd4 Rd2+ 56. Kf1 Nd7 57. Ra7 Nc5 58. Re7+ Kd8 59. Nc6+ 1-0